[Event "WM Sevilla"]
[Site "?"]
[Date "1987.??.??"]
[Round "3"]
[White "Karpov, Anatoly"]
[Black "Kasparov, Gary"]
[Result "1/2-1/2"]
[WhiteElo "2710"]
[BlackElo "2735"]
[PlyCount "60"]
[EventDate "1987.??.??"]
[Source "www.chesslib.no"]
[SourceDate "2004.05.04"]

1. d4 Nf6 2. c4 g6 3. g3 c6 4. Bg2 d5 5. cxd5 cxd5 6. Nf3 Bg7 7. Nc3 O-O 8. Ne5 e6 9. O-O Nfd7 10. f4 Nc6 11. Be3 Nb6 12. Bf2 Ne7 13. a4 a5 14. Qb3 Bd7 15. Rfc1 Bc6 16. Nb5 Nbc8 17. e3 Nd6 18. Nxd6 Qxd6 19. Be1 Rfb8 20. Bf1 f6 21. Nf3 Qd7 22. Qc2 Nf5 23. Bd2 Nd6 24. b3 Rc8 25. Qd1 h6 26. Be2 g5 27. Ra2 Qe8 28. Rac2 Bf8 29. Bd3 g4 30. Nh4 f5 1/2-1/2

[Event "Amsterdam (m/12)"]
[Site "?"]
[Date "1993.??.??"]
[Round "?"]
[White "Karpov, An"]
[Black "Timman, J."]
[Result "1/2-1/2"]
[WhiteElo "2760"]
[BlackElo "2620"]
[PlyCount "102"]
[EventDate "1993.??.??"]
[Source "ChessBase"]
[SourceDate "1993.10.01"]

1. d4 Nf6 2. c4 g6 3. Nf3 Bg7 4. g3 c6 5. Bg2 d5 6. cxd5 cxd5 7. Nc3 O-O 8. Ne5 e6 9. O-O Nfd7 10. f4 Nc6 11. Be3 f6 12. Nd3 Nb6 13. b3 Bd7 14. Bf2 Qe7 15. Rc1 Rad8 16. Rc2 Be8 17. Rd2 Nc8 18. e3 Nd6 19. g4 Kh8 20. Qe2 f5 21. g5 Ne4 22. Rc2 Nb4 23. Nxb4 Qxb4 24. Rfc1 Bc6 25. Be1 Qe7 26. Nxe4 dxe4 27. Bf1 Rc8 28. h4 h5 29. Qd2 Qd7 30. Qa5 a6 31. Bb4 Rfe8 32. Bc5 Bd5 33. Bb6 Rxc2 34. Rxc2 Rc8 35. Rxc8+ Qxc8 36. Qc5 Qxc5 37. Bxc5 Kg8 38. Kf2 Kf7 39. Ke1 Bf8 40. Kd2 Be7 41. Bxe7 Kxe7 42. Kc3 a5 43. a3 b6 44. b4 Kd7 45. Bb5+ Kd8 46. Bc4 Kc7 47. Bb5 Kd8 48. Ba4 Ke7 49. Bb3 Bc6 50. bxa5 bxa5 51. Bc4 Kd6 1/2-1/2

[Event "Amsterdam"]
[Site "?"]
[Date "1987.??.??"]
[Round "?"]
[White "Karpov, A."]
[Black "Timman, J."]
[Result "1/2-1/2"]
[WhiteElo "2710"]
[BlackElo "2590"]
[PlyCount "114"]
[EventDate "1987.??.??"]
[Source "ChessBase"]
[SourceDate "1987.01.01"]

1. d4 Nf6 2. c4 g6 3. Nf3 Bg7 4. g3 c6 5. Bg2 O-O 6. Nc3 d5 7. cxd5 cxd5 8. Ne5 e6 9. O-O Nfd7 10. f4 Nc6 11. Be3 Ndxe5 12. fxe5 f6 13. exf6 Rxf6 14. Qd2 Bd7 15. Kh1 Rxf1+ 16. Rxf1 Qe7 17. Rd1 Rc8 18. a3 Bf6 19. Bg1 Bg5 20. Qe1 Nd8 21. e4 dxe4 22. Qxe4 b6 23. d5 Bf6 24. Bd4 Bxd4 25. Qxd4 Qg7 26. Qh4 Nf7 27. dxe6 Bxe6 28. Qe7 Bb3 29. Rd7 Qe5 30. Rxa7 Re8 31. Qxe5 Rxe5 32. h3 Re1+ 33. Kh2 Rc1 34. Rb7 Rc2 35. Kg1 Rc1+ 36. Kh2 Rc2 37. Rxb6 Bc4 38. Kg1 Rc1+ 39. Kh2 Rc2 40. Kg1 Rc1+ 41. Kf2 Rc2+ 42. Kf3 Ng5+ 43. Kg4 Rxg2 44. Kxg5 Rxg3+ 45. Kf6 Rf3+ 46. Ke5 Rxh3 47. a4 Bf1 48. Nd5 Rh5+ 49. Kd6 Rh2 50. b4 Rd2 51. Ke5 Re2+ 52. Kd4 Rd2+ 53. Kc5 Rc2+ 54. Kd6 h5 55. Ne3 Rc1 56. b5 Be2 57. a5 Ra1 1/2-1/2

[Event "Beijing m g/25"]
[Site "Beijing"]
[Date "1998.05.15"]
[Round "?"]
[White "Karpov, Anatoly"]
[Black "Peng Xiaomin"]
[Result "1/2-1/2"]
[WhiteElo "2735"]
[BlackElo "2535"]
[PlyCount "81"]
[EventDate "1998.05.??"]
[Source "www.chesslib.no"]
[SourceDate "2004.05.04"]

1. d4 Nf6 2. Nf3 g6 3. c4 Bg7 4. g3 c6 5. Bg2 d5 6. cxd5 cxd5 7. Nc3 O-O 8. Ne5 e6 9. O-O Nfd7 10. f4 Nc6 11. Be3 Nb6 12. Bf2 Ne7 13. Rc1 Bd7 14. h3 Nf5 15. b3 Nd6 16. a4 Rc8 17. Rc2 f6 18. Nd3 f5 19. Qa1 Bc6 20. Rfc1 a6 21. e3 Nd7 22. Be1 Re8 23. Ne2 Ne4 24. Qa3 Nb8 25. Ne5 Bd7 26. Rxc8 Bxc8 27. Kh2 Nd7 28. Nd3 Nb8 29. Qb2 Nc6 30. Ng1 Qe7 31. Nf3 Bd7 32. Nfe5 Rc8 33. Rc2 Qe8 34. Qc1 Nxe5 35. Nxe5 Bxe5 36. dxe5 Rxc2 37. Qxc2 Qc8 38. Qxc8+ Bxc8 39. Bb4 Bd7 40. Bf1 Bc6 41. Be2 1/2-1/2

[Event "Haifa"]
[Site "Haifa"]
[Date "1995.??.??"]
[Round "4"]
[White "Akopian, Vladimir"]
[Black "Dolmatov, Sergey"]
[Result "1/2-1/2"]
[WhiteElo "2655"]
[BlackElo "2605"]
[PlyCount "35"]
[EventDate "1995.01.??"]
[Source "ChessBase"]

1. d4 Nf6 2. c4 g6 3. g3 c6 4. Bg2 d5 5. Nf3 Bg7 6. O-O O-O 7. cxd5 cxd5 8. Ne5 e6 9. Nc3 Nfd7 10. f4 Nc6 11. Be3 Nb6 12. Bf2 Ne7 13. a4 a5 14. Qb3 Bd7 15. e4 dxe4 16. Nxe4 Bc6 17. Nxc6 bxc6 18. Rfd1 1/2-1/2

[Event "Elenite"]
[Site "Elenite"]
[Date "1995.??.??"]
[Round "8"]
[White "Gulko, Boris F"]
[Black "Dolmatov, Sergey"]
[Result "1/2-1/2"]
[WhiteElo "2620"]
[BlackElo "2615"]
[PlyCount "32"]
[EventDate "1995.09.??"]
[Source "ChessBase"]

1. d4 Nf6 2. c4 g6 3. Nf3 Bg7 4. g3 O-O 5. Bg2 c6 6. Nc3 d5 7. cxd5 cxd5 8. Ne5 e6 9. O-O Nfd7 10. f4 Nc6 11. Kh1 Nb6 12. b3 f6 13. Nf3 Bd7 14. a4 a5 15. Ba3 Ne7 16. e4 Rc8 1/2-1/2

[Event "EU-ch 4th"]
[Site "?"]
[Date "2003.06.01"]
[Round "3"]
[White "Georgiev Kiril"]
[Black "Neverov Valeriy"]
[Result "1/2-1/2"]
[WhiteElo "2647"]
[BlackElo "2583"]
[PlyCount "63"]
[EventDate "2003.??.??"]
[Source "www.chesslib.no"]
[SourceDate "2004.05.04"]

1. d4 Nf6 2. c4 g6 3. Nf3 Bg7 4. g3 c6 5. Bg2 d5 6. cxd5 cxd5 7. Nc3 O-O 8. Ne5 e6 9. O-O Nfd7 10. f4 Nc6 11. b3 Ndxe5 12. dxe5 f6 13. exf6 Qxf6 14. Bd2 Qe7 15. Rc1 Bd7 16. Kh1 Rad8 17. Qe1 Be8 18. g4 Bf7 19. e4 d4 20. Na4 e5 21. f5 Bf6 22. Bh6 Bg5 23. Bxg5 Qxg5 24. Nc5 d3 25. Rd1 d2 26. Qg3 Rd4 27. Rf2 Qe7 28. Qc3 Rc8 29. Na4 Qg5 30. Rfxd2 Qxg4 31. Rxd4 exd4 32. Qd2 1/2-1/2

[Event "TCh-GRE"]
[Site "?"]
[Date "2004.07.09"]
[Round "7"]
[White "Izoria Zviad"]
[Black "Macieja Bartlomiej"]
[Result "1/2-1/2"]
[WhiteElo "2593"]
[BlackElo "2633"]
[PlyCount "25"]
[EventDate "2004.??.??"]
[Source "www.chesslib.no"]
[SourceDate "2004.05.04"]

1. d4 Nf6 2. c4 g6 3. Nf3 Bg7 4. g3 c6 5. Nc3 d5 6. cxd5 cxd5 7. Ne5 O-O 8. Bg2 e6 9. O-O Nfd7 10. f4 f6 11. Nf3 f5 12. b3 Qe8 13. e3 1/2-1/2

[Event "Rostov"]
[Site "Rostov"]
[Date "1993.??.??"]
[Round "?"]
[White "Tukmakov, Vladimir B"]
[Black "Epishin, Vladimir"]
[Result "1/2-1/2"]
[WhiteElo "2605"]
[BlackElo "2620"]
[PlyCount "25"]
[EventDate "1993.05.??"]
[Source "ChessBase"]

1. d4 Nf6 2. c4 g6 3. Nf3 Bg7 4. g3 c6 5. Bg2 d5 6. cxd5 cxd5 7. O-O O-O 8. Ne5 Ng4 9. Nxg4 Bxg4 10. Nc3 Nc6 11. h3 Bd7 12. e3 e6 13. Bd2 1/2-1/2

[Event "Moscow RUS"]
[Site "?"]
[Date "2005.02.17"]
[Round "3"]
[White "Romanishin Oleg M"]
[Black "Sasikiran Krishnan"]
[Result "1/2-1/2"]
[WhiteElo "2558"]
[BlackElo "2657"]
[PlyCount "71"]
[EventDate "2005.??.??"]
[Source "www.chesslib.no"]
[SourceDate "2004.05.04"]

1. d4 Nf6 2. Nf3 g6 3. g3 Bg7 4. Bg2 d5 5. O-O O-O 6. c4 c6 7. cxd5 cxd5 8. Ne5 e6 9. Nc3 Nfd7 10. Nf3 Nc6 11. Bf4 Nf6 12. Ne5 Nxe5 13. Bxe5 Bd7 14. Qd3 Qb6 15. Rfc1 Rfc8 16. Rc2 Qd8 17. Rac1 Bh6 18. e3 Ng4 19. Bd6 Rc6 20. Ba3 Rac8 21. h3 Nf6 22. Nb1 a5 23. Rxc6 Bxc6 24. Nd2 b5 25. Bc5 Nd7 26. Nf3 b4 27. Bf1 Bb7 28. Qb5 Qc7 29. Nd2 Ra8 30. Qe2 Ba6 31. Qe1 Bxf1 32. Qxf1 Rc8 33. Nb3 Bxe3 34. fxe3 Qxg3+ 35. Kh1 a4 36. Bxb4 1/2-1/2

[Event "Debrecen"]
[Site "?"]
[Date "1992.??.??"]
[Round "?"]
[White "Vaganian, R."]
[Black "Hjartarson, J."]
[Result "0-1"]
[WhiteElo "2615"]
[BlackElo "2595"]
[PlyCount "102"]
[EventDate "1992.??.??"]
[Source "ChessBase"]
[SourceDate "1992.10.01"]

1. Nf3 Nf6 2. c4 g6 3. d4 Bg7 4. g3 O-O 5. Bg2 c6 6. O-O d5 7. cxd5 cxd5 8. Nc3 Nc6 9. Ne5 Bf5 10. Nxc6 bxc6 11. Bf4 Nd7 12. Na4 Qa5 13. b3 Nb6 14. Bd2 Qb5 15. Nc3 Qa6 16. Be3 Rad8 17. Qd2 c5 18. Rfd1 c4 19. b4 Qa3 20. b5 a6 21. bxa6 Rd7 22. h3 h5 23. a7 Qxa7 24. a4 Qa5 25. Ra2 Rfd8 26. Rda1 Nc8 27. Rb2 Na7 28. f4 Nc6 29. Bf2 Qa7 30. Rd1 Na5 31. e3 e6 32. Qe2 Bd3 33. Qf3 Rb7 34. Rb5 Rxb5 35. axb5 Nb3 36. g4 hxg4 37. hxg4 Qa5 38. Be1 Nxd4 39. Qh3 Nc2 40. Nxd5 Qa3 41. Qh4 Rxd5 42. Bxd5 exd5 43. Qd8+ Bf8 44. Bf2 Qb3 45. b6 Nd4 46. Ra1 Qb2 47. Ra8 Ne6 48. Qh4 c3 49. Qf6 Qe2 50. Ra1 Qxg4+ 51. Kh2 Be4 0-1

[Event "Budapest (m/3"]
[Site "?"]
[Date "1987.??.??"]
[Round "?"]
[White "Portisch, L."]
[Black "Nunn, J."]
[Result "1/2-1/2"]
[WhiteElo "2615"]
[BlackElo "2585"]
[PlyCount "26"]
[EventDate "1987.??.??"]
[Source "ChessBase"]
[SourceDate "1987.07.01"]

1. d4 Nf6 2. c4 g6 3. g3 c6 4. Bg2 d5 5. cxd5 cxd5 6. Nf3 Bg7 7. Nc3 O-O 8. Ne5 e6 9. O-O Nfd7 10. Nxd7 Bxd7 11. e3 Nc6 12. b3 Qe7 13. Bb2 Rfc8 1/2-1/2

[Event "It (open)"]
[Site "Balaguer (Spain)"]
[Date "2007.07.21"]
[Round "6"]
[White "Gelashvili Tamaz (GEO)"]
[Black "Delchev Aleksander (BUL)"]
[Result "1/2-1/2"]
[WhiteElo "2604"]
[BlackElo "2591"]
[PlyCount "129"]
[EventDate "2007.??.??"]
[Source "www.chesslib.no"]
[SourceDate "2004.05.04"]

1. d4 Nf6 2. c4 g6 3. Nf3 Bg7 4. g3 c6 5. Bg2 d5 6. cxd5 cxd5 7. Ne5 O-O 8. Nc3 Bf5 9. O-O Ne4 10. Qb3 Nc6 11. Rd1 Nxc3 12. bxc3 Nxe5 13. dxe5 Qc7 14. Bxd5 Qxe5 15. Bf4 Qxc3 16. Qxb7 Qa3 17. Rac1 Rac8 18. Bb3 a5 19. Rxc8 Bxc8 20. Qb6 Qb2 21. Qxa5 Qxe2 22. Re1 Qf3 23. Qd5 Qxd5 24. Bxd5 e6 25. Bf3 Bd7 26. Rd1 Ba4 27. Rc1 Rd8 28. Rc4 Bd1 29. Bxd1 Rxd1+ 30. Kg2 Bd4 31. Rc8+ Kg7 32. Rd8 f6 33. Rd7+ Kf8 34. Be3 e5 35. a4 Ke8 36. Rxh7 Ra1 37. Rh8+ Kf7 38. Bxd4 exd4 39. Ra8 d3 40. Rd8 Rxa4 41. h4 Ra3 42. Kf3 Kg7 43. Ke3 Kh6 44. Rxd3 Ra4 45. Rd4 Ra5 46. Kf3 g5 47. Rd6 gxh4 48. gxh4 Kg6 49. Kg4 Rb5 50. Rd8 Rb4+ 51. Kg3 Kg7 52. Rd5 Rb1 53. Kg4 Kg6 54. h5+ Kg7 55. Kf5 Rb7 56. f4 Rb4 57. Rd7+ Kh6 58. Rf7 Rb5+ 59. Kxf6 Kxh5 60. f5 Rb6+ 61. Kg7 Kg5 62. f6 Rc6 63. Rf8 Rb6 64. f7 Rg6+ 65. Kh7 1/2-1/2